000 00564nam a2200169Ia 4500
008 240729s9999 xx 000 0 und d
022 _a1947-2404
245 0 _aMamlūk Studies Review
260 _aUnited States
260 _bMiddle East Documentation Center (MEDOC), University of Chicago
650 _a History of Africa
650 _a History of Asia | History (General) and history of Europe
650 _aHistory (General) and history of Europe
856 _uhttps://doaj.org/toc/844aefb2be4d40d8b4c161b7fc3b51f0
942 _2ddc
942 _cDOAJEJ
999 _c70554
_d70554
945 _a1
_bMadushi Gamage
_c1
_dMadushi Gamage